000
002410000a22000970004500
245
1
0
_a
La Biblia en el mundo
300
_a
Vol.43, núm.182 (1988), Páginas 25-28
650
1
4
_a
BIBLIA-MUNDO
773
0
_t
La Biblia en las Américas
942
_c
ANA
999
_c
62860
_d
62860